Sopa de Letras - Países #1 - Estadísticas

Estadísticas generales
  • Esta prueba ha sido intentada 747 veces
  • La puntuación promedio es 7 de 10
Respuestas en el mapa
Las respuestas están codificadas por una escala verde-roja en el mapa de la prueba según el % correcto abajo.
 
Estadísticas de respuestas
País % Correcto
Mali
96%
Chipre
95%
Cuba
95%
Mauricio
85%
Barein
77%
Kuwait
77%
China
61%
Brasil
55%
Siria
54%
Chad
30%
No se encontraron pruebas coincidentes
Distribución de puntuación
Porcentaje de gente con cada puntuación
Porcentaje por número respondido
Historial de tus puntuaciones
No has intentado esta prueba.